| 000 | 00387nam a2200145 a 4500 | ||
|---|---|---|---|
| 001 | 4140 | ||
| 005 | 20140414131845.0 | ||
| 008 | 090218s19uu xx 00 eng d | ||
| 050 |
_aM 220 _bH74 2001 |
||
| 100 | _aMontero, Jose Perez | ||
| 245 | _aThe children's bible. | ||
| 260 |
_aBroadway, New York : _bScandinavia, Publishing House, _c2001. |
||
| 650 | _aHoly Bible | ||
| 999 |
_c109898 _d109898 |
||